000
00272nam a2200109Ia 4500
008
230907s9999||||xx |||||||||||||| ||und||
082
_a
338.90091724
_b
TOD
100
_a
Todaro, Michael P.
245
0
_a
Economic development /
300
_a
xxvii, 860 pages :
942
_c
BK
999
_c
599018
_d
599018